| 000 | 00601na a2200205 4500 | ||
|---|---|---|---|
| 001 | 23578 | ||
| 003 | MIRAKIL | ||
| 005 | 20181213155322.0 | ||
| 008 | 180115b tu 000 0 | ||
| 040 |
_aMilas _btur _cTR-AnCHP |
||
| 041 | _atur | ||
| 082 |
_a353.00857 _bA1 2007 |
||
| 090 | _a353.00857 A1 2007 | ||
| 111 |
_aAB sürecinde diyanet paneli II _cAnkara _d2007 |
||
| 245 |
_aAB sürecinde diyanet paneli II _cDİYANET-SEN |
||
| 260 |
_aAnkara _bDİYANET-SEN _c2007 _fÇetin veb ofset |
||
| 300 |
_a107 s. _bfotğ. _c21 |
||
| 650 |
_aDin ve siyaset _xTürkiye _xToplantılar |
||
| 942 |
_2ddc _cBKS |
||
| 999 |
_c10458 _d10458 |
||